Nghiên cứu xử lý màu nước rỉ rác bãi rác Khánh Sơn bằng Fenton

Sơ lược về bãi rác Khánh Sơn, nước rỉ rác và một số biện pháp xử lý. Phương pháp xác định chỉ số COD. Phương pháp quang phổ hấp phụ UV-VIS.

Shranjeno v:
Bibliografske podrobnosti
Glavni avtor: Trần Thị Mỹ Ly
Drugi avtorji: Đào Hùng Cường GS.TS (Hướng dẫn)
Format: Knjiga
Jezik:Vietnamese
Izdano: Đà Nẵng Đại học Sư phạm, Đại học Đà Nẵng 2013
Teme:
Oznake: Označite
Brez oznak, prvi označite!
Thư viện lưu trữ: Mạng thư viện Đại học Đà Nẵng
LEADER 01748nam a2200385 4500
001 000018742
003 15177
005 20140103100152.0
008 131225s2013 viesd
041 |a vie 
082 1 4 |a 628.4  |b TR-L 
100 1 |a Trần Thị Mỹ Ly 
245 1 0 |a Nghiên cứu xử lý màu nước rỉ rác bãi rác Khánh Sơn bằng Fenton  |c Trần Thị Mỹ Ly ; Đào Hùng Cường hướng dẫn  |k Khóa luận tốt nghiệp 
260 |a Đà Nẵng  |b Đại học Sư phạm, Đại học Đà Nẵng  |c 2013 
300 |a 45 tr.  |b Hình mh.  |c 29 cm.  |e Bản tóm tắt 
500 |a Khóa luận tốt nghiệp đại học. Chuyên ngành: Cử nhân Khoa học quản lý môi trường 
520 |a Sơ lược về bãi rác Khánh Sơn, nước rỉ rác và một số biện pháp xử lý. Phương pháp xác định chỉ số COD. Phương pháp quang phổ hấp phụ UV-VIS. 
650 0 4 |a Nước thải  |v Khóa luận tốt nghiệp  |x Xử lý  |z Đà Nẵng 
650 0 4 |a Xử lý rác  |v Khóa luận tốt nghiệp  |x Fenton 
653 |a Khoa Hóa 
653 |a Bãi rác 
653 |a Môi trường 
653 |a Nước thải 
653 |a Bãi rác Khánh Sơn 
700 1 |a Đào Hùng Cường  |c GS.TS  |e Hướng dẫn 
OWN |a LSP 
AVA |a UDN50  |b LSP  |d 628.4 TR-L  |e available  |t Error 5001 Not defined in file expand_doc_bib_avail.  |f 1  |g 0  |h N  |i 0  |k 1 
999 |a From the UDN01 
AVA |a UDN50  |b LSP  |d 628.4 TR-L  |e available  |t Error 5001 Not defined in file expand_doc_bib_avail.  |f 1  |g 0  |h N  |i 0  |k 1 
TYP |a Monograph 
TYP |a Printed language 
980 |a Mạng thư viện Đại học Đà Nẵng